[Event "SRB-chT 2nd League"]
[Site "Vrnjacka Banja"]
[Date "2022.11.08"]
[Round "7.3"]
[White "Parkajic, Branislav"]
[Black "Skenderovic, Nikola"]
[Result "1-0"]
[WhiteElo "2161"]
[BlackElo "2170"]
[PlyCount "97"]
[EventDate "2022.11.04"]
[EventType "team-tourn"]
[EventRounds "11"]
[EventCountry "SRB"]
[SourceTitle "CBM 211 Extra"]
[Source "ChessBase"]
[SourceDate "2023.01.31"]
[SourceVersion "1"]
[SourceVersionDate "2023.01.31"]
[SourceQuality "1"]
[WhiteTeam "Dec"]
[BlackTeam "Gajdobra Hercegovac"]
[WhiteTeamCountry "SRB"]
[BlackTeamCountry "SRB"]

1. c4 e5 2. Nc3 Nc6 3. g3 Bc5 4. Bg2 a6 5. e3 d6 6. Nge2 Ba7 7. a3 f5 8. d3 Nf6 9. b4 0-0 10. 0-0 Qe8 11. Bb2 Qh5 12. Nd5 f4 13. gxf4 Bg4 14. Re1 Nxd5 15. Bxd5+ Kh8 16. Qd2 Qh4 17. f3 exf4 18. Nxf4 Rxf4 19. fxg4 Raf8 20. Bg2 Ne5 21. Bxe5 dxe5 22. c5 Rxg4 23. Rf1 Rf6 24. Rxf6 gxf6 25. Qf2 Qg5 26. Kh1 e4 27. Bh3 Qh4 28. Qf1 Rg7 29. dxe4 Qxe4+ 30. Bg2 Qe6 31. Rd1 Re7 32. Rd8+ Kg7 33. Bd5 Qe5 34. Qf3 Qa1+ 35. Kg2 Qe5 36. Qg4+ Kh6 37. Qh4+ Qh5 38. Qxf6+ Qg6+ 39. Qxg6+ Kxg6 40. Ra8 c6 41. Rxa7 cxd5 42. c6 Re8 43. cxb7 Rb8 44. Rxa6+ Kf5 45. Rb6 Ke4 46. Kf2 Kd3 47. a4 Rf8+ 48. Kg2 Rb8 49. a5 1-0

[Event "SRB-ch U18"]
[Site "Novi Sad"]
[Date "2021.08.06"]
[Round "6"]
[White "Cuzovic, Ognjen"]
[Black "Skenderovic, Nikola"]
[Result "0-1"]
[WhiteElo "1910"]
[BlackElo "2157"]
[PlyCount "50"]
[EventDate "2021.08.03"]
[EventType "swiss"]
[EventRounds "9"]
[EventCountry "SRB"]
[SourceTitle "EXT 2022"]
[Source "ChessBase"]
[SourceDate "2021.10.06"]
[SourceVersion "1"]
[SourceVersionDate "2021.10.06"]
[SourceQuality "1"]

1. d4 d6 2. e4 Nf6 3. Nc3 Nbd7 4. Nf3 e5 5. dxe5 dxe5 6. Bc4 Bb4 7. Bd2 0-0 8. 0-0 Bxc3 9. Bxc3 Nxe4 10. Bxe5 Nxe5 11. Nxe5 Nd6 12. Bb3 Qf6 13. Re1 a5 14. a3 a4 15. Ba2 Bf5 16. Qf3 Rae8 17. Qf4 Re7 18. Nc4 Nxc4 19. Qxc4 Qxb2 20. g4 Rxe1+ 21. Rxe1 Be6 22. Rxe6 fxe6 23. Qxe6+ Kh8 24. Qe7 Qf6 25. Qc5 b6 0-1

[Event "Hvar U18 3rd"]
[Site "Hvar"]
[Date "2019.10.08"]
[Round "6"]
[White "Skenderovic, Nikola"]
[Black "Simunic, Krunoslav"]
[Result "0-1"]
[WhiteElo "2031"]
[BlackElo "2058"]
[PlyCount "63"]
[EventDate "2019.10.05"]
[EventType "tourn"]
[EventRounds "6"]
[EventCountry "CRO"]
[SourceTitle "CBM 193 Extra"]
[Source "ChessBase"]
[SourceDate "2020.01.31"]
[SourceVersion "1"]
[SourceVersionDate "2020.01.31"]
[SourceQuality "1"]

1. e4 e6 2. d4 d5 3. Nc3 Nf6 4. e5 Nfd7 5. f4 c5 6. Nf3 Nc6 7. Be3 Be7 8. Qd2 0-0 9. Be2 b6 10. Nd1 f6 11. exf6 Nxf6 12. 0-0 Ne4 13. Qe1 Nb4 14. Bd3 c4 15. a3 Nxd3 16. cxd3 cxd3 17. Ne5 Ba6 18. Rf3 Bd6 19. Nf2 Bxe5 20. dxe5 Rc8 21. Rd1 Rc2 22. Nxd3 Bxd3 23. Rxd3 Rxb2 24. Bd4 Rc2 25. g4 Qc8 26. Qh4 Rc1+ 27. Kg2 Qc2+ 28. Kh3 Rh1 29. Bf2 g5 30. fxg5 Nxf2+ 31. Rxf2 Qxf2 32. Qxh7+ 0-1

[Event "Hvar U18 3rd"]
[Site "Hvar"]
[Date "2019.10.05"]
[Round "1"]
[White "Skenderovic, Nikola"]
[Black "Kukas, Oliver"]
[Result "1-0"]
[WhiteElo "2031"]
[BlackElo "2265"]
[PlyCount "99"]
[EventDate "2019.10.05"]
[EventType "tourn"]
[EventRounds "6"]
[EventCountry "CRO"]
[SourceTitle "CBM 193 Extra"]
[Source "ChessBase"]
[SourceDate "2020.01.31"]
[SourceVersion "1"]
[SourceVersionDate "2020.01.31"]
[SourceQuality "1"]

1. e4 c5 2. Nc3 Nc6 3. Bb5 Na5 4. a4 a6 5. Be2 d6 6. Nf3 e5 7. d3 Nf6 8. Nd2 Be6 9. Nc4 Be7 10. 0-0 0-0 11. Bg5 Nc6 12. Bxf6 Bxf6 13. Ne3 Ne7 14. Bf3 Bg5 15. Ncd5 Bxd5 16. Nxd5 Nxd5 17. exd5 f5 18. c3 g6 19. Qb3 Qd7 20. Qa3 Rac8 21. Rfd1 h5 22. b4 cxb4 23. Qxb4 h4 24. Rab1 Rc7 25. Rb3 Bf4 26. g3 Bg5 27. c4 Kg7 28. Qe1 Qxa4 29. Rdb1 Rff7 30. c5 Rxc5 31. Rxb7 Rb5 32. R7xb5 axb5 33. Qc3 hxg3 34. hxg3 Be7 35. Rb4 Qa5 36. Kg2 Bg5 37. Qb2 Rb7 38. Bd1 Bc1 39. Qb1 Bd2 40. Rh4 b4 41. Bb3 Rc7 42. Bc4 Qa3 43. Qh1 Kf6 44. Rh8 e4 45. Rf8+ Rf7 46. Qh8+ Ke7 47. Re8+ Kd7 48. Bb5+ Kc7 49. Rb8 Bg5 50. Qc8# 1-0

[Event "Subotica City-ch"]
[Site "Subotica"]
[Date "2019.03.11"]
[Round "7"]
[White "Sirotanovic, Obrad"]
[Black "Skenderovic, Nikola"]
[Result "0-1"]
[WhiteElo "2175"]
[BlackElo "2080"]
[PlyCount "72"]
[EventDate "2019.02.25"]
[EventType "swiss"]
[EventRounds "9"]
[EventCountry "SRB"]
[SourceTitle "CBM 189 Extra"]
[Source "ChessBase"]
[SourceDate "2019.06.03"]
[SourceVersion "1"]
[SourceVersionDate "2019.06.03"]
[SourceQuality "1"]

1. d4 d5 2. c4 e6 3. Nc3 c6 4. e3 f5 5. Nf3 Nf6 6. Qc2 Bd6 7. Bd3 Ne4 8. Rb1 Nd7 9. b4 Qe7 10. c5 Bc7 11. h4 e5 12. dxe5 Nxe5 13. Nxe5 Bxe5 14. Ne2 0-0 15. Bb2 Bc7 16. g3 Bd7 17. Bd4 b6 18. Kf1 Rf7 19. Kg2 Raf8 20. Nf4 g6 21. Rbc1 bxc5 22. bxc5 Rb8 23. Qa4 a5 24. f3 Nxg3 25. Kxg3 Rb4 26. Qd1 Rxd4 27. exd4 Qe3 28. Kg2 Qxf4 29. Be2 Qg3+ 30. Kf1 f4 31. Qe1 Bh3+ 32. Rxh3 Qxh3+ 33. Kg1 g5 34. Bf1 Qxf3 35. Rc3 Qg4+ 36. Kh1 f3 0-1

[Event "Subotica City-ch"]
[Site "Subotica"]
[Date "2019.03.06"]
[Round "5"]
[White "Kecskemeti, Arpad"]
[Black "Skenderovic, Nikola"]
[Result "1/2-1/2"]
[WhiteElo "2213"]
[BlackElo "2080"]
[PlyCount "75"]
[EventDate "2019.02.25"]
[EventType "swiss"]
[EventRounds "9"]
[EventCountry "SRB"]
[SourceTitle "CBM 189 Extra"]
[Source "ChessBase"]
[SourceDate "2019.06.03"]
[SourceVersion "1"]
[SourceVersionDate "2019.06.03"]
[SourceQuality "1"]

1. e4 c5 2. Nf3 Nc6 3. d4 cxd4 4. Nxd4 g6 5. c4 Bg7 6. Be3 Nf6 7. Nc3 Ng4 8. Qxg4 Nxd4 9. Qd1 Ne6 10. Qd2 b6 11. f4 Bb7 12. f5 Nc5 13. Bd4 e5 14. fxe6 0-0 15. exf7+ Rxf7 16. Bxg7 Kxg7 17. 0-0-0 Kg8 18. Bd3 Qh4 19. g3 Qg4 20. Rhf1 Raf8 21. Rxf7 Rxf7 22. Qe3 Rf3 23. Qe2 Qg5+ 24. Kb1 Re3 25. Qc2 Nxd3 26. Rxd3 Re1+ 27. Rd1 Qe3 28. Rxe1 Qxe1+ 29. Qd1 Qxd1+ 30. Nxd1 Bxe4+ 31. Kc1 Kf7 32. Kd2 Kf6 33. Nc3 Ke5 34. Ke3 Bc6 35. a3 g5 36. Nb1 d5 37. cxd5 Bxd5 38. Nc3 1/2-1/2

[Event "Gligoric Cup 5th"]
[Site "Novi Sad"]
[Date "2018.11.06"]
[Round "4.6"]
[White "Milin, Dragan"]
[Black "Skenderovic, Nikola"]
[Result "0-1"]
[WhiteElo "2043"]
[BlackElo "2044"]
[PlyCount "94"]
[EventDate "2018.11.04"]
[EventType "team-swiss"]
[EventRounds "5"]
[EventCountry "SRB"]
[SourceTitle "CBM 187 Extra"]
[Source "ChessBase"]
[SourceDate "2018.11.04"]
[SourceVersion "1"]
[SourceVersionDate "2018.11.04"]
[SourceQuality "1"]
[WhiteTeam "Belgrade Bogoslov"]
[BlackTeam "Subotica Penzioner"]
[WhiteTeamCountry "SRB"]
[BlackTeamCountry "SRB"]

1. d4 d5 2. Nf3 Nf6 3. e3 Bg4 4. c4 e6 5. Qb3 Qc8 6. Ne5 Bf5 7. Nc3 c6 8. Be2 Nfd7 9. g4 Bg6 10. Nxg6 hxg6 11. e4 dxe4 12. Nxe4 Nf6 13. Nxf6+ gxf6 14. Bf4 Nd7 15. Qg3 c5 16. d5 e5 17. Bd2 Bd6 18. Bd3 Qc7 19. Be4 a6 20. a4 Ke7 21. h4 b5 22. b3 bxc4 23. bxc4 Rab8 24. Qd3 f5 25. gxf5 gxf5 26. Bxf5 e4 27. Qxe4+ Kf8 28. Bxd7 Qxd7 29. Be3 Re8 30. Qf3 Be5 31. Rc1 Qxa4 32. Bxc5+ Bd6+ 33. Be3 Ba3 34. Qf6 Rh5 35. Qf3 Bxc1 36. Qxh5 Bxe3 37. Qh8+ Ke7 38. Qe5+ Kd7 39. Qf5+ Kd6 40. Qf6+ Kc5 41. fxe3 Qb4+ 42. Kf1 Qxc4+ 43. Kf2 Qc2+ 44. Kg3 Rxe3+ 45. Kg4 Qe2+ 46. Kg5 Rg3+ 47. Kh6 Rg6+ 0-1

[Event "Subotica-ch op"]
[Site "Subotica"]
[Date "2017.03.10"]
[Round "8"]
[White "Skenderovic, Nikola"]
[Black "Tomic, Zoran S"]
[Result "0-1"]
[WhiteElo "1959"]
[BlackElo "1843"]
[PlyCount "160"]
[EventDate "2017.02.22"]
[EventType "swiss"]
[EventRounds "9"]
[EventCountry "SRB"]
[SourceTitle "CBM 177 Extra"]
[Source "ChessBase"]
[SourceDate "2017.04.27"]
[SourceVersion "1"]
[SourceVersionDate "2017.04.27"]
[SourceQuality "1"]

1. e4 e5 2. Nf3 d6 3. d4 exd4 4. Qxd4 Nf6 5. Bg5 Be7 6. Nc3 0-0 7. 0-0-0 Nc6 8. Qd2 Bg4 9. Be2 Re8 10. h3 Bh5 11. Rhe1 Bg6 12. Bb5 a6 13. Bxc6 bxc6 14. Nd4 Qd7 15. g4 Bf8 16. Bxf6 gxf6 17. f4 h6 18. f5 Bh7 19. Qg2 Re5 20. Nf3 Rc5 21. Rd3 a5 22. a4 d5 23. Red1 Rd8 24. exd5 cxd5 25. Rxd5 Rxd5 26. Rxd5 Qe8 27. Rxd8 Qxd8 28. Qd2 Qe8 29. Qe2 Qd7 30. Qb5 c6 31. Qxa5 Qb7 32. Qd8 Kg7 33. Qd3 Qb6 34. Nd4 Bc5 35. Nde2 Be3+ 36. Kb1 Bg5 37. Na2 Qa5 38. b3 h5 39. Kb2 Bd2 40. c3 Bg5 41. Ka3 Bh6 42. b4 Qe5 43. Qc4 Kg8 44. Nac1 Qd6 45. Nd3 Qh2 46. Nc5 Qxh3 47. Ne4 Kg7 48. Qxc6 Qh4 49. N2g3 hxg4 50. Qxf6+ Qxf6 51. Nh5+ Kf8 52. Nexf6 Bxf5 53. Ng3 Be6 54. a5 Bc1+ 55. Ka4 Ke7 56. Nge4 g3 57. Ng8+ Kf8 58. Nxg3 Kxg8 59. Kb5 Kf8 60. c4 Ke7 61. c5 Kd7 62. Kb6 Kc8 63. Ne4 f5 64. Nd6+ Kb8 65. a6 Be3 66. a7+ Ka8 67. Nb5 Bf4 68. Nd4 Bc8 69. b5 Be3 70. Ne2 f4 71. Kc7 Bg4 72. b6 Bf3 73. Nxf4 Bxf4+ 74. Kd7 Kb7 75. a8Q+ Kxa8 76. c6 Bg4+ 77. Kd8 Bf5 78. Ke7 Kb8 79. Ke8 Be3 80. c7+ Kb7 0-1

[Event "Palic Karadzic Memorial op"]
[Site "Palic"]
[Date "2016.10.30"]
[Round "2"]
[White "Buyukasik, Diyap"]
[Black "Skenderovic, Nikola"]
[Result "1-0"]
[WhiteElo "2166"]
[BlackElo "1918"]
[PlyCount "85"]
[EventDate "2016.10.29"]
[EventType "swiss"]
[EventRounds "9"]
[EventCountry "SRB"]
[SourceTitle "CBM 175 Extra"]
[Source "ChessBase"]
[SourceDate "2016.12.12"]
[SourceVersion "1"]
[SourceVersionDate "2016.12.12"]
[SourceQuality "1"]

1. Nf3 c5 2. b3 Nf6 3. Bb2 g6 4. c4 Bg7 5. g3 0-0 6. Bg2 d6 7. d4 cxd4 8. Qxd4 Nh5 9. Qd2 Nc6 10. 0-0 Be6 11. Bxg7 Nxg7 12. e4 Bg4 13. Nd4 Qb6 14. Nc2 Ne5 15. Nc3 Bf3 16. Nd5 Qd8 17. Qc3 Bxg2 18. Kxg2 e6 19. Nde3 h5 20. Rad1 Qe7 21. Qd4 Rfd8 22. c5 Ne8 23. cxd6 Qxd6 24. f4 Nc6 25. Qc3 Qe7 26. g4 hxg4 27. Nxg4 Qh4 28. Qg3 Qxg3+ 29. hxg3 Nd6 30. Nf6+ Kg7 31. e5 Nb5 32. Ne4 Rd5 33. a4 Nbd4 34. Nxd4 Nxd4 35. Nf6 Rdd8 36. Rh1 Nf5 37. Rh7+ Kf8 38. Rc1 Rd2+ 39. Kh3 Rad8 40. Rc7 Ne7 41. Rh8+ Kg7 42. Rxd8 Rxd8 43. Rxe7 1-0

[Event "Palic Karadzic Memorial op"]
[Site "Palic"]
[Date "2016.10.29"]
[Round "1"]
[White "Skenderovic, Nikola"]
[Black "Raja, Harshit"]
[Result "0-1"]
[WhiteElo "1918"]
[BlackElo "2302"]
[PlyCount "76"]
[EventDate "2016.10.29"]
[EventType "swiss"]
[EventRounds "9"]
[EventCountry "SRB"]
[SourceTitle "CBM 175 Extra"]
[Source "ChessBase"]
[SourceDate "2016.12.12"]
[SourceVersion "1"]
[SourceVersionDate "2016.12.12"]
[SourceQuality "1"]

1. e4 c5 2. Nc3 a6 3. f4 e6 4. g3 d5 5. e5 Nh6 6. Nf3 Nf5 7. Bg2 h5 8. 0-0 b5 9. d3 Bb7 10. a4 Qb6 11. Kh1 h4 12. g4 h3 13. gxf5 hxg2+ 14. Kxg2 d4 15. Ne4 exf5 16. Ng3 Qh6 17. Rh1 Be7 18. h3 Qc6 19. Kf2 Nd7 20. a5 0-0-0 21. b4 g6 22. Rh2 cxb4 23. Nxd4 Bc5 24. Be3 Qd5 25. Nf3 Bxe3+ 26. Kxe3 Qc5+ 27. d4 Qc3+ 28. Kf2 Bxf3 29. Qxf3 Qxd4+ 30. Kg2 Qxa1 31. Qc6+ Kb8 32. Qd6+ Kb7 33. Qd5+ Ka7 34. Ne2 Qxa5 35. Nd4 Nb8 36. Qxf7+ Ka8 37. Ne6 Rd2+ 38. Kg3 Qa3+ 0-1

[Event "Senta op 20th"]
[Site "Senta"]
[Date "2016.07.28"]
[Round "8"]
[White "Skenderovic, Nikola"]
[Black "Soklovacki, Mila"]
[Result "1/2-1/2"]
[WhiteElo "1839"]
[BlackElo "1791"]
[PlyCount "84"]
[EventDate "2016.07.22"]
[EventType "swiss"]
[EventRounds "9"]
[EventCountry "SRB"]
[SourceTitle "EXT 2017"]
[Source "ChessBase"]
[SourceDate "2016.10.25"]
[SourceVersion "1"]
[SourceVersionDate "2016.10.25"]
[SourceQuality "1"]

1. e4 c5 2. d4 cxd4 3. c3 dxc3 4. Nxc3 Nc6 5. Nf3 d6 6. Bc4 Bg4 7. Bxf7+ Kxf7 8. Ng5+ Ke8 9. Qxg4 Ne5 10. Qh3 Qc8 11. Nd5 Qxh3 12. Nxh3 Rc8 13. 0-0 Nf6 14. Nxf6+ exf6 15. Be3 a6 16. Rac1 Rxc1 17. Rxc1 Kd7 18. Nf4 Be7 19. Nd5 Nc6 20. f4 Bd8 21. Kf2 Re8 22. Kf3 Ne7 23. Nb4 Ba5 24. Nd3 Rc8 25. Rxc8 Nxc8 26. Bd4 Bc7 27. g4 Ne7 28. h4 a5 29. h5 Nc6 30. Bc3 Ke7 31. g5 Kf7 32. Kg4 fxg5 33. fxg5 Ne5+ 34. Bxe5 dxe5 35. b4 axb4 36. Nxb4 Ke6 37. Nd5 Bd8 38. g6 hxg6 39. hxg6 Ba5 40. a4 Bd8 41. Kf3 Kd6 42. Kg4 Ke6 1/2-1/2

[Event "Senta op 20th"]
[Site "Senta"]
[Date "2016.07.27"]
[Round "7"]
[White "Csikos, Mihaly"]
[Black "Skenderovic, Nikola"]
[Result "1-0"]
[WhiteElo "2092"]
[BlackElo "1839"]
[PlyCount "125"]
[EventDate "2016.07.22"]
[EventType "swiss"]
[EventRounds "9"]
[EventCountry "SRB"]
[SourceTitle "EXT 2017"]
[Source "ChessBase"]
[SourceDate "2016.10.25"]
[SourceVersion "1"]
[SourceVersionDate "2016.10.25"]
[SourceQuality "1"]

1. e4 d5 2. exd5 Nf6 3. c4 e6 4. dxe6 Bxe6 5. Nf3 Nc6 6. Be2 Bc5 7. 0-0 0-0 8. a3 Nd4 9. b4 Nxf3+ 10. Bxf3 Bd4 11. Nc3 Bxc4 12. Re1 c6 13. Bb2 Qb6 14. Na4 Bxf2+ 15. Kh1 Qd8 16. Re5 Bd4 17. Re1 Bxb2 18. Nxb2 Bd5 19. d3 Qc7 20. Rc1 Qf4 21. Rf1 Qd4 22. Nc4 Rfe8 23. Qd2 Ng4 24. Bxd5 cxd5 25. Rf4 Nf2+ 26. Qxf2 Qxf2 27. Rxf2 dxc4 28. dxc4 Rac8 29. Kg1 Rcd8 30. c5 Rd3 31. Ra2 Rc8 32. Rcc2 f6 33. Kf2 Kf7 34. Ke2 Rd5 35. Rc3 Re8+ 36. Re3 Red8 37. Rc2 Rg5 38. g3 Rh5 39. h4 g5 40. Rc4 gxh4 41. gxh4 Rhd5 42. c6 bxc6 43. Rxc6 R5d6 44. Rc7+ R6d7 45. Rec3 Ke6 46. Ke3 Kf5 47. Rxd7 Rxd7 48. b5 Kg4 49. Rc4+ Kg3 50. Ke4 Kg4 51. a4 f5+ 52. Ke5+ Kg3 53. Kxf5 Rd5+ 54. Ke6 Rh5 55. Kd6 Rxh4 56. Rxh4 Kxh4 57. a5 h5 58. b6 axb6 59. axb6 Kg3 60. b7 h4 61. b8Q h3 62. Qg8+ Kh2 63. Qg4 1-0

[Event "Subotica-ch op"]
[Site "Subotica"]
[Date "2016.03.11"]
[Round "9"]
[White "Kovacs Kalic, Sandor"]
[Black "Skenderovic, Nikola"]
[Result "0-1"]
[WhiteElo "1717"]
[BlackElo "1721"]
[PlyCount "46"]
[EventDate "2016.02.22"]
[EventType "swiss"]
[EventRounds "9"]
[EventCountry "SRB"]
[SourceTitle "CBM 171 Extra"]
[Source "ChessBase"]
[SourceDate "2016.04.26"]
[SourceVersion "1"]
[SourceVersionDate "2016.04.26"]
[SourceQuality "1"]

1. d4 Nf6 2. c4 g6 3. e3 Bg7 4. Nc3 0-0 5. Nf3 d6 6. Be2 Nbd7 7. 0-0 e5 8. Qc2 c6 9. Bd2 Qe7 10. dxe5 Nxe5 11. h3 Be6 12. b3 Nfd7 13. Rad1 Nxf3+ 14. Bxf3 Ne5 15. Be2 Rfd8 16. Rfe1 Rac8 17. Qb1 d5 18. cxd5 cxd5 19. Nb5 Bf5 20. e4 Bxe4 21. Bd3 Nxd3 22. f3 Nxe1 23. fxe4 Qc5+ 0-1